000
003140000a22001450004500
005
20120302060615.0
942
_c
BOOK
100
_a
Narhari
245
_a
Bodhasaar
260
_a
Banaras:Braj Bi Daas,1904.
300
_a
97-192p.
040
_a
SAN
650
_a
Tatvadnyaan
650
_a
Yogadikshaa Chintamani
999
_c
351655
_d
351652